000 00916nam a2200265 i 4500
003 DO-SdBNP
005 20240624091055.0
007 ta
008 240409s1998 dr a 000 j spa d
040 _aDO-SdBNP
_bspa
_cBNPHU
_erda
082 4 _bV531
_222
100 1 _aVerne, Julio,
_d1828-1905
_91073
_eautor
245 1 3 _aLa isla misteriosa /
_cJulio Verne : ilustraciones, Gorka Echevarrieta : versión, María Isabel Plaz-Power
264 1 _aSanto Domingo :
_bPanapo,
_bAlfa & Omega,
_c1998.
300 _a110 páginas,
_bilustraciones
_c23 cm.
336 _2rdacontent
_atexto
_btxt
337 _2rdamedia
_asin mediación
_bn
338 _2rdacarrier
_avolumen
_bnc
490 _aClásicos Universales, Tobogán
590 _aInventariado, 2024/ YL
700 1 _aEchevarrieta, Gorka.
_91077
_eilustraciones
700 1 _aPlaz Power, María Isabel,
_91076
_eversión
910 _aYLockward
942 _2ddc
_cLBS1
999 _c56304
_d56304